Dromedáriux : (Registro nro. 7299)
[ vista simple ]
| 000 -LEADER | |
|---|---|
| fixed length control field | 00938nam a2200301 a 4500 |
| 001 - CONTROL NUMBER | |
| control field | 000044297 |
| 003 - CONTROL NUMBER IDENTIFIER | |
| control field | DO-SdBNP |
| 005 - DATE AND TIME OF LATEST TRANSACTION | |
| control field | 20171017113109.0 |
| 007 - PHYSICAL DESCRIPTION FIXED FIELD--GENERAL INFORMATION | |
| fixed length control field | 000044297 |
| 008 - FIXED-LENGTH DATA ELEMENTS--GENERAL INFORMATION | |
| fixed length control field | 140613s2013 dr 000 0 spa d |
| 020 ## - INTERNATIONAL STANDARD BOOK NUMBER | |
| International Standard Book Number | 9789945174939 |
| 040 ## - CATALOGING SOURCE | |
| Original cataloging agency | BPMSU |
| Language of cataloging | spa |
| Transcribing agency | BPMSU |
| 082 #4 - DEWEY DECIMAL CLASSIFICATION NUMBER | |
| Edition number | |
| Classification number | RD863.44 |
| Item number | V145d |
| 092 ## - LOCALLY ASSIGNED DEWEY CALL NUMBER (OCLC) | |
| Classification number | |
| 100 1# - MAIN ENTRY--PERSONAL NAME | |
| Personal name | Valdez, Pedro Antonio |
| 245 10 - TITLE STATEMENT | |
| Title | Dromedáriux : |
| Remainder of title | la batalla del armario / |
| Statement of responsibility, etc. | Pedro Antonio Valdez |
| 260 ## - PUBLICATION, DISTRIBUTION, ETC. (IMPRINT) | |
| Place of publication, distribution, etc. | Santo Domingo : |
| Name of publisher, distributor, etc. | Ediciones SM, |
| Date of publication, distribution, etc. | 2013. |
| 300 ## - PHYSICAL DESCRIPTION | |
| Extent | 78 p. ; |
| Dimensions | 21 cm. |
| 490 1# - SERIES STATEMENT | |
| Series statement | El barco de vapor |
| Volume/sequential designation | ; 14 |
| 500 ## - GENERAL NOTE | |
| General note | Incluye datos biográficos del autor en la contra portada |
| 586 ## - AWARDS NOTE | |
| Awards note | Premio el barco de vapor 2013 |
| 650 #4 - SUBJECT ADDED ENTRY--TOPICAL TERM | |
| Topical term or geographic name as entry element | CUENTOS INFANTILES DOMINICANOS |
| 650 #4 - SUBJECT ADDED ENTRY--TOPICAL TERM | |
| Topical term or geographic name as entry element | LITERATURA INFANTIL DOMINICANA |
| 830 #0 - SERIES ADDED ENTRY--UNIFORM TITLE | |
| Uniform title | El barco de vapor |
| Volume number/sequential designation | 14 |
| 942 ## - ADDED ENTRY ELEMENTS (KOHA) | |
| Source of classification or shelving scheme | Dewey Decimal Classification |
| Koha item type | Libros |
| 945 ## - LOCAL PROCESSING INFORMATION (OCLC) | |
| a | Inventariado infantil / 2017 VM |
| 956 ## - LOCAL ELECTRONIC LOCATION AND ACCESS (OCLC) | |
| Host name | VMATEO |
| Access number | 10 |
| Compression information | 20140613 |
| Logon | BPMSU |
| Processor of request | 0069 |
| Withdrawn status | Lost status | Source of classification or shelving scheme | Damaged status | Not for loan | Collection code | Home library | Current library | Date acquired | Source of acquisition | Total Checkouts | Full call number | Barcode | Date last seen | Price effective from | Koha item type | Copy number |
|---|---|---|---|---|---|---|---|---|---|---|---|---|---|---|---|---|
| Dewey Decimal Classification | Colección Infantil Dominicana | Biblioteca Pública Metropolitana Salomé Ureña | Biblioteca Pública Metropolitana Salomé Ureña | 02/02/2015 | Donación | RD863.44 V145d | BPMSU15040957 | 02/02/2015 | 02/02/2015 | Libros | ||||||
| Dewey Decimal Classification | Colección Infantil Dominicana | Biblioteca Pública Metropolitana Salomé Ureña | Biblioteca Pública Metropolitana Salomé Ureña | 02/02/2015 | Donación | RD863.44 V145d | BPMSU15040958 | 02/02/2015 | 02/02/2015 | Libros | e. 2 | |||||
| Dewey Decimal Classification | Colección Infantil Dominicana | Biblioteca Pública Metropolitana Salomé Ureña | Biblioteca Pública Metropolitana Salomé Ureña | 02/02/2015 | Donación | RD863.44 V145d | BPMSU15040959 | 02/02/2015 | 02/02/2015 | Libros | e. 3 |